MARC details
| 000 -CABECERA |
| campo de control de longitud fija |
00887nam a2200205 a 4500 |
| 001 - NÚMERO DE CONTROL |
| campo de control |
000044122 |
| 005 - FECHA Y HORA DE LA ÚLTIMA TRANSACCIÓN |
| campo de control |
20201002045148.0 |
| 008 - DATOS DE LONGITUD FIJA--INFORMACIÓN GENERAL |
| campo de control de longitud fija |
140516s2011 sp 000 0 spa d |
| 020 ## - NÚMERO INTERNACIONAL ESTÁNDAR DEL LIBRO |
| Número Internacional Estándar del Libro |
9788498302844 |
| 040 ## - FUENTE DE LA CATALOGACIÓN |
| Centro catalogador/agencia de origen |
DO-SdBNP |
| Lengua de catalogación |
spa |
| Centro/agencia transcriptor |
BNPHU |
| 245 03 - MENCIÓN DE TÍTULO |
| Título |
La diversidad religiosa en el País Vasco : |
| Resto del título |
nuevos retos sociales y culturales para las políticas públicas / |
| Mención de responsabilidad, etc. |
Eduardo Javier Ruiz Vieytez (dir.) ; Saioa Bilbao Urquidi ... [et al.]. |
| 260 ## - PUBLICACIÓN, DISTRIBUCIÓN, ETC. |
| Lugar de publicación, distribución, etc. |
España : |
| Nombre del editor, distribuidor, etc. |
Publicaciones de la Universidad de Deusto, |
| Fecha de publicación, distribución, etc. |
2011. |
| 490 1# - MENCIÓN DE SERIE |
| Mención de serie |
Derechos humanos |
| Designación de volumen o secuencia |
16 |
| 504 ## - NOTA DE BIBLIOGRAFÍA, ETC. |
| Nota de bibliografía, etc. |
Incluye referencias bibliográficas y notas al pie de las páginas |
| 504 ## - NOTA DE BIBLIOGRAFÍA, ETC. |
| Nota de bibliografía, etc. |
Bibliografía : p. 149-154 |
| 700 12 - PUNTO DE ACCESO ADICIONAL--NOMBRE DE PERSONA |
| Nombre de persona |
Ruiz Vieytez, Eduardo Javier. |
| 9 (RLIN) |
72123 |
| 700 12 - PUNTO DE ACCESO ADICIONAL--NOMBRE DE PERSONA |
| Nombre de persona |
Bilbao Urquidi, Saioa. |
| 9 (RLIN) |
72124 |
| 710 2# - PUNTO DE ACCESO ADICIONAL--NOMBRE DE ENTIDAD CORPORATIVA |
| Nombre de entidad corporativa o nombre de jurisdicción como elemento de entrada |
Universidad de Deusto. Instituto de Derechos Humanos. |
| 9 (RLIN) |
72125 |
| 830 #0 - PUNTO DE ACCESO ADICIONAL DE SERIE-TÍTULO UNIFORME |
| Título uniforme |
Derechos humanos |
| Designación de volumen o secuencia |
16 |
| 9 (RLIN) |
72126 |